[Event "Thüringenliga 2011/2012"]
[Site "?"]
[Date "2011.11.06"]
[Round "3"]
[White "Pichl, Michael"]
[Black "Hermannsdörfer, Frank"]
[Result "0-1"]
[WhiteElo "1991"]
[BlackElo "2145"]
[PlyCount "60"]
[EventDate "2011.??.??"]
[WhiteTeam "SV Empor Erfurt"]
[BlackTeam "SV 1861 Liebschwitz"]

1. g3 e5 2. Bg2 d6 3. c4 f5 4. Nc3 Nf6 5. d3 Be7 6. Nf3 O-O 7. O-O Qe8 8. c5
Kh8 9. cxd6 cxd6 10. Qb3 Na6 11. d4 e4 12. Ng5 Nc7 13. f3 h6 14. Nh3 g5 15. d5
exf3 16. exf3 Nd7 17. f4 g4 18. Nf2 Bf6 19. Nd3 Qf7 20. Re1 b6 21. Re6 Ba6 22.
Nb4 Nc5 23. Qd1 N5xe6 24. dxe6 Qxe6 25. Nxa6 Nxa6 26. Bxa8 Rxa8 27. Nd5 Bg7 28.
Be3 Nb4 29. Nxb4 Qxe3+ 30. Kf1 Bd4 0-1

[Event "Thüringenliga 2011/2012"]
[Site "?"]
[Date "2011.11.06"]
[Round "3"]
[White "Weiß, Werner"]
[Black "Taudte, Stefan"]
[Result "1/2-1/2"]
[WhiteElo "2032"]
[BlackElo "2001"]
[PlyCount "42"]
[EventDate "2011.??.??"]
[WhiteTeam "SV 1861 Liebschwitz"]
[BlackTeam "SV Empor Erfurt"]

1. e4 e6 2. d3 d5 3. Nd2 c5 4. g3 Nc6 5. Bg2 d4 6. Ngf3 Bd6 7. O-O Nge7 8. Nc4
Bc7 9. a4 e5 10. Nh4 Ng6 11. Nf5 O-O 12. h4 Nge7 13. Nxe7+ Qxe7 14. Bg5 Qe8 15.
h5 h6 16. Bd2 f5 17. exf5 Bxf5 18. g4 Be6 19. Be4 Qd8 20. Qe2 Rb8 21. f3 Bd5
1/2-1/2

[Event "Thüringenliga 2011/2012"]
[Site "?"]
[Date "2011.11.06"]
[Round "3"]
[White "Zahn, Alina"]
[Black "Katzer, Michael"]
[Result "0-1"]
[WhiteElo "1798"]
[BlackElo "1848"]
[PlyCount "74"]
[EventDate "2011.??.??"]
[WhiteTeam "SV Empor Erfurt"]
[BlackTeam "SV 1861 Liebschwitz"]

1. e4 c6 2. d4 d5 3. exd5 cxd5 4. Bd3 Nc6 5. c3 Nf6 6. h3 e5 7. dxe5 Nxe5 8.
Bb5+ Bd7 9. Bxd7+ Qxd7 10. Nf3 Bd6 11. O-O O-O 12. Be3 Nc4 13. Bd4 Nxb2 14. Qc2
Nc4 15. Ng5 Be5 16. Bc5 Rfc8 17. Be3 d4 18. Rd1 Nxe3 19. fxe3 Qe7 20. exd4
Bxd4+ 21. Rxd4 Qe1+ 22. Kh2 Qe5+ 23. Kh1 Qxd4 24. Nf3 Qc5 25. Qb3 Rc7 26. a4
Ne4 27. Ra3 Qf2 28. Ra2 Qf1+ 29. Kh2 Rac8 30. Rc2 h6 31. Qb2 Qd3 32. Rc1 Nxc3
33. Nxc3 Rxc3 34. Rxc3 Qxc3 35. Qxb7 Qc7+ 36. Qxc7 Rxc7 37. Kg1 Rc4 0-1

[Event "Thüringenliga 2011/2012"]
[Site "?"]
[Date "2011.11.06"]
[Round "3"]
[White "Strauch, Martin"]
[Black "Kastner, Peter"]
[Result "1/2-1/2"]
[WhiteElo "1731"]
[BlackElo "1994"]
[PlyCount "37"]
[EventDate "2011.??.??"]
[WhiteTeam "SV Empor Erfurt"]
[BlackTeam "SV 1861 Liebschwitz"]

1. e4 e5 2. Nf3 Nc6 3. Bb5 a6 4. Bxc6 dxc6 5. O-O Bg4 6. h3 h5 7. d3 Qf6 8. Be3
Bxf3 9. Qxf3 Qxf3 10. gxf3 Bd6 11. Nd2 Ne7 12. Nc4 Ng6 13. Nxd6+ cxd6 14. Kh2
O-O-O 15. Rg1 Kc7 16. Kg3 Rhe8 17. f4 exf4+ 18. Bxf4 Nxf4 19. Kxf4 1/2-1/2

[Event "Thüringenliga 2011/2012"]
[Site "?"]
[Date "2011.11.06"]
[Round "3"]
[White "Biel, Maik"]
[Black "Trautmann, Johannes"]
[Result "1-0"]
[WhiteElo "1998"]
[BlackElo "1751"]
[PlyCount "51"]
[EventDate "2011.??.??"]
[WhiteTeam "SV 1861 Liebschwitz"]
[BlackTeam "SV Empor Erfurt"]

1. d4 d5 2. Nf3 Nf6 3. c4 c6 4. Nc3 e6 5. Bg5 h6 6. Bh4 Bb4 7. Qc2 Nbd7 8. e3
Qa5 9. Nd2 O-O 10. Be2 a6 11. O-O Be7 12. e4 dxe4 13. Ndxe4 Nxe4 14. Bxe7 Nxc3
15. bxc3 Re8 16. Bh4 Qf5 17. Bd3 Qh5 18. Bg3 Nf6 19. Rae1 Nd7 20. f4 b5 21. f5
Nf6 22. Be4 Nxe4 23. Rxe4 Bd7 24. f6 Qg6 25. Qe2 Rac8 26. Rg4 1-0

[Event "Thüringenliga 2011/2012"]
[Site "?"]
[Date "2011.11.06"]
[Round "3"]
[White "Kosowski, Todor"]
[Black "Bräuer, Franz"]
[Result "0-1"]
[WhiteElo "2191"]
[BlackElo "2240"]
[PlyCount "58"]
[EventDate "2011.??.??"]
[WhiteTeam "SG Arnstadt-Stadtilm"]
[BlackTeam "SV Jenapharm Jena"]

1. e4 e5 2. Nf3 Nc6 3. Bb5 a6 4. Ba4 Nf6 5. d3 d6 6. c3 g6 7. Nbd2 Bg7 8. Nf1
O-O 9. Ne3 b5 10. Bc2 Bb7 11. O-O Re8 12. a4 h6 13. axb5 axb5 14. Rxa8 Bxa8 15.
Nd5 Nxd5 16. exd5 Ne7 17. c4 f5 18. b3 Kh7 19. d4 e4 20. Ne1 c6 21. dxc6 Nxc6
22. Be3 d5 23. cxb5 Na7 24. b4 Nxb5 25. Ba4 Bc6 26. Qc1 Qa8 27. Qc5 Bf8 28. Qb6
Rb8 29. Qa5 Qb7 0-1

[Event "Thüringenliga 2011/2012"]
[Site "?"]
[Date "2011.11.06"]
[Round "3"]
[White "Neidig, Stefan"]
[Black "Buring, Matthias"]
[Result "1-0"]
[WhiteElo "2092"]
[BlackElo "1976"]
[PlyCount "169"]
[EventDate "2011.??.??"]
[WhiteTeam "SV Jenapharm Jena"]
[BlackTeam "SG Arnstadt-Stadtilm"]

1. d4 d5 2. Nf3 Bf5 3. c4 e6 4. Nc3 c6 5. Qb3 Qb6 6. c5 Qxb3 7. axb3 f6 8. Bf4
Nd7 9. h3 e5 10. Bh2 Nh6 11. e3 Be7 12. b4 Nf7 13. b5 O-O 14. b4 Ng5 15. Nxg5
exd4 16. Nxh7 Rfe8 17. Ne2 dxe3 18. fxe3 Bxh7 19. Nd4 Bf8 20. Kf2 Ne5 21. bxc6
bxc6 22. Bxe5 fxe5 23. Nxc6 Re6 24. Rxa7 Rc8 25. Na5 Rf6+ 26. Kg3 Rb8 27. Rb7
Ra8 28. Rb5 Bg6 29. Be2 Be8 30. c6 Bxc6 31. Nxc6 Rxc6 32. Rxd5 Bxb4 33. Bf3 Re8
34. Rb5 Rg6+ 35. Kh2 e4 36. Bh5 Bd6+ 37. Kg1 Rc8 38. Bxg6 Rc1+ 39. Kf2 Rxh1 40.
Rd5 Bf8 41. Rd7 Ra1 42. Bxe4 Bc5 43. Bg6 Ra8 44. h4 Kf8 45. Rf7+ Kg8 46. Rc7
Bd6 47. Rd7 Bc5 48. h5 Bb6 49. Rb7 Bc5 50. Ke2 Bd6 51. Rd7 Be5 52. g4 Bf6 53.
Kf3 Bg5 54. Rd5 Rf8+ 55. Ke4 Bf6 56. Rd7 Bg5 57. Rd5 Be7 58. Rb5 Rc8 59. Kd5
Kf8 60. e4 Rd8+ 61. Ke6 Rd6+ 62. Kf5 Rf6+ 63. Ke5 Kg8 64. Rb8+ Rf8 65. Rb7 Bg5
66. Ke6 Rf6+ 67. Kd5 Rf8 68. e5 Rd8+ 69. Ke4 Kf8 70. Rf7+ Kg8 71. Rf5 Be7 72.
Bf7+ Kh7 73. e6 Rd1 74. Bg6+ Kh6 75. Rf7 Bf6 76. Rd7 Re1+ 77. Kd5 Kg5 78. Bf5
Rd1+ 79. Kc6 Rc1+ 80. Kb7 Re1 81. Kc8 Rc1+ 82. Rc7 Re1 83. Kd7 Rd1+ 84. Ke8 Be5
85. Rd7 1-0

[Event "Thüringenliga 2011/2012"]
[Site "?"]
[Date "2011.11.06"]
[Round "3"]
[White "Seidel, Thomas"]
[Black "Middelhoff, Cornelius"]
[Result "1/2-1/2"]
[WhiteElo "1945"]
[BlackElo "2001"]
[PlyCount "53"]
[EventDate "2011.??.??"]
[WhiteTeam "SG Arnstadt-Stadtilm"]
[BlackTeam "SV Jenapharm Jena"]

1. e4 c5 2. Nc3 Nc6 3. Nf3 e6 4. Be2 Nf6 5. O-O a6 6. d4 cxd4 7. Nxd4 Qc7 8.
Nxc6 bxc6 9. Bf3 Rb8 10. b3 Bd6 11. h3 Be5 12. Bb2 O-O 13. Na4 Rb4 14. c4 c5
15. Qc2 Kh8 16. Rad1 d6 17. Bxe5 dxe5 18. Rd2 Bd7 19. Nc3 Bc6 20. Rfd1 Rbb8 21.
Qd3 h6 22. Qd6 Qxd6 23. Rxd6 Rfc8 24. Re1 Kg8 25. Bd1 Kf8 26. Bc2 Ke7 27. Red1
1/2-1/2

[Event "Thüringenliga 2011/2012"]
[Site "?"]
[Date "2011.11.06"]
[Round "3"]
[White "Darr, Sascha"]
[Black "Bächer, Reinhard"]
[Result "1-0"]
[WhiteElo "2068"]
[BlackElo "1881"]
[PlyCount "63"]
[EventDate "2011.??.??"]
[WhiteTeam "SV Jenapharm Jena"]
[BlackTeam "SG Arnstadt-Stadtilm"]

1. e4 c6 2. d4 d5 3. Nc3 dxe4 4. Nxe4 Nd7 5. Bc4 Ngf6 6. Ng5 e6 7. Qe2 Nb6 8.
Bb3 h6 9. N5f3 c5 10. c3 Qc7 11. Nh3 cxd4 12. Nxd4 Bc5 13. Bf4 Qe7 14. O-O O-O
15. Rfe1 Nbd5 16. Be5 Bd6 17. f4 Bd7 18. Kh1 Rfc8 19. Rad1 Bxe5 20. fxe5 Nh7
21. Rf1 Bc6 22. Rd3 Qh4 23. Rg3 Rc7 24. Rg4 Qe7 25. Bc2 Nf8 26. Qd2 f5 27. Bxf5
exf5 28. Nxf5 Qe6 29. Nxh6+ Kh8 30. Rh4 Nh7 31. Ng5 Nxg5 32. Nf7+ 1-0

[Event "Thüringenliga 2011/2012"]
[Site "?"]
[Date "2011.11.06"]
[Round "3"]
[White "Marufke, Kai"]
[Black "Kloß, Thomas"]
[Result "1/2-1/2"]
[WhiteElo "1829"]
[BlackElo "1949"]
[PlyCount "92"]
[EventDate "2011.??.??"]
[WhiteTeam "SG Arnstadt-Stadtilm"]
[BlackTeam "SV Jenapharm Jena"]

1. e4 c5 2. f4 Nc6 3. Nf3 g6 4. Nc3 Bg7 5. Be2 e6 6. O-O Nge7 7. d3 d5 8. exd5
Nxd5 9. Nxd5 Qxd5 10. c3 O-O 11. Be3 Rd8 12. Ng5 b6 13. Bf3 Qd7 14. Qa4 Bb7 15.
Kh1 h6 16. Nh3 Qc7 17. Rad1 Rd7 18. Rd2 Rad8 19. Rfd1 Ne7 20. Bxb7 Qxb7 21. Qe4
Qa6 22. a3 Nf5 23. g4 Nxe3 24. Qxe3 Qb7+ 25. Kg1 Rd5 26. Nf2 Qe7 27. h3 Kh7 28.
Kg2 Qd7 29. Re2 e5 30. Rde1 f5 31. fxe5 Rxe5 32. Qf3 Rxe2 33. Rxe2 Rf8 34. Kg1
fxg4 35. Qxg4 Rf5 36. h4 Qd6 37. Qh3 h5 38. Ne4 Qf4 39. Rf2 Qc1+ 40. Rf1 Rxf1+
41. Qxf1 Qe3+ 42. Kg2 Kh6 43. Nd6 Qd2+ 44. Kh1 Qxb2 45. Nf7+ Kh7 46. Ng5+ Kh6
1/2-1/2

[Event "Thüringenliga 2011/2012"]
[Site "?"]
[Date "2011.11.06"]
[Round "3"]
[White "Zipfel, Frank"]
[Black "Schätz, Bianca"]
[Result "1-0"]
[WhiteElo "1998"]
[BlackElo "1823"]
[PlyCount "113"]
[EventDate "2011.??.??"]
[WhiteTeam "SV Jenapharm Jena"]
[BlackTeam "SG Arnstadt-Stadtilm"]

1. Nf3 d5 2. g3 Nf6 3. Bg2 c6 4. O-O Bg4 5. d3 Nbd7 6. Nbd2 e5 7. h3 Bh5 8. e4
dxe4 9. dxe4 Be7 10. Qe1 O-O 11. Nh4 Re8 12. Nf5 Bc5 13. Nc4 Nb6 14. Nce3 Bg6
15. Bd2 Qc7 16. Qe2 Rad8 17. g4 Nc8 18. Ng3 h6 19. Nef5 Bxf5 20. Nxf5 Nd6 21.
Ng3 g5 22. Kh2 Nd7 23. Rad1 Nf8 24. Nh5 Re6 25. h4 f6 26. Qf3 Qf7 27. Ng3 Ree8
28. hxg5 hxg5 29. Nh5 Re6 30. Bc1 Bb6 31. Rh1 Ng6 32. Ng3 Nh4 33. Qe2 Re7 34.
Nf5 Nhxf5 35. gxf5 Red7 36. Bf3 Qc4 37. Qxc4+ Nxc4 38. Rxd7 Rxd7 39. Kg3 Rh7
40. Rd1 Bc7 41. b3 Nd6 42. a4 Kf8 43. Ba3 Ke7 44. Be2 Rh4 45. f3 a5 46. Bc4 b6
47. Be6 c5 48. c3 Rh8 49. b4 axb4 50. cxb4 c4 51. b5 c3 52. Bd5 Kd8 53. Rc1 Ne8
54. Rxc3 Rh7 55. Be6 Rd7 56. Bxd7 Kxd7 57. Rc6 1-0

[Event "Thüringenliga 2011/2012"]
[Site "?"]
[Date "2011.11.06"]
[Round "3"]
[White "Jank, Kevin"]
[Black "Mißbach, Bernd"]
[Result "1/2-1/2"]
[WhiteElo "1628"]
[BlackElo "1954"]
[PlyCount "57"]
[EventDate "2011.??.??"]
[WhiteTeam "SG Arnstadt-Stadtilm"]
[BlackTeam "SV Jenapharm Jena"]

1. e4 g6 2. d4 Bg7 3. c4 c5 4. d5 d6 5. Nc3 Na6 6. Nf3 Rb8 7. Be2 Nc7 8. Be3
Bd7 9. e5 b5 10. exd6 exd6 11. Rb1 bxc4 12. Bxc4 Ne7 13. Qd2 O-O 14. O-O Nc8
15. Rfe1 Nb6 16. Bb3 a5 17. a3 a4 18. Ba2 Bf5 19. Rbc1 Rb7 20. Bg5 Bf6 21. Qf4
Bxg5 22. Nxg5 h6 23. Nf3 Kg7 24. Nh4 Bc8 25. Nf3 Bf5 26. Rcd1 Nc8 27. Rd2 Re8
28. Red1 Nb6 29. Nh4 1/2-1/2

[Event "Thüringenliga 2011/2012"]
[Site "?"]
[Date "2011.11.06"]
[Round "3"]
[White "Skarus, Steffen"]
[Black "Widmann, Benjamin"]
[Result "0-1"]
[WhiteElo "1873"]
[BlackElo "1758"]
[PlyCount "54"]
[EventDate "2011.??.??"]
[WhiteTeam "SV Jenapharm Jena"]
[BlackTeam "SG Arnstadt-Stadtilm"]

1. c4 e5 2. g3 f5 3. d4 e4 4. Nc3 Nf6 5. f3 c6 6. Bg5 Bb4 7. Qb3 Bxc3+ 8. bxc3
h6 9. Bc1 d5 10. Bg2 Nbd7 11. cxd5 cxd5 12. fxe4 fxe4 13. Nh3 Nb6 14. Nf4 O-O
15. Ng6 Re8 16. Ne5 Ng4 17. Nxg4 Bxg4 18. h3 Bh5 19. Rf1 g5 20. Ba3 Qc7 21.
O-O-O Bxe2 22. Rf6 Bxd1 23. Qxd1 Qxc3+ 24. Kb1 Nc4 25. Bc1 Kg7 26. Qh5 Qd3+ 27.
Ka1 Qxd4+ 0-1

[Event "Thüringenliga 2011/2012"]
[Site "?"]
[Date "2011.11.06"]
[Round "3"]
[White "Langheinrich, Ferenc"]
[Black "Goemann, Jens"]
[Result "1-0"]
[WhiteElo "2322"]
[BlackElo "2113"]
[PlyCount "63"]
[EventDate "2011.??.??"]
[WhiteTeam "SC 51 Nordhausen"]
[BlackTeam "TSG Apolda"]

1. Nf3 Nf6 2. c4 g6 3. b4 d5 4. cxd5 Bg7 5. Bb2 O-O 6. Qc1 Bg4 7. Ne5 Bf5 8. d3
Qxd5 9. Nd2 Qd6 10. e4 Be6 11. a3 Rc8 12. d4 c6 13. Be2 Nbd7 14. O-O Nb6 15.
Qc2 Nfd7 16. f4 a5 17. bxa5 Rxa5 18. Nb3 Bxb3 19. Qxb3 e6 20. Rad1 Qc7 21. Nxf7
Kxf7 22. f5 Kg8 23. fxe6 Nf6 24. d5 cxd5 25. Bxf6 Qc5+ 26. Kh1 Bxf6 27. Rxf6
Rxa3 28. Qb2 d4 29. e7 Nd7 30. Re6 Kf7 31. Qxb7 Kxe6 32. Bg4+ 1-0

[Event "Thüringenliga 2011/2012"]
[Site "?"]
[Date "2011.11.06"]
[Round "3"]
[White "Maiwald, Harald"]
[Black "Milchev, Nikolay"]
[Result "0-1"]
[WhiteElo "2076"]
[BlackElo "2365"]
[PlyCount "68"]
[EventDate "2011.??.??"]
[WhiteTeam "TSG Apolda"]
[BlackTeam "SC 51 Nordhausen"]

1. Nf3 Nc6 2. d4 d5 3. Bf4 Bg4 4. e3 e6 5. c4 Nf6 6. h3 Bh5 7. Nc3 Bb4 8. Rc1
Ne4 9. cxd5 Qxd5 10. Bd3 e5 11. Bxe4 Qxe4 12. Bxe5 O-O-O 13. Qa4 Bxf3 14. Qxb4
Nxb4 15. Nxe4 Nd3+ 16. Kd2 Bxe4 17. Rxc7+ Kb8 18. Bg3 Ka8 19. Rxf7 Bxg2 20. Rg1
Bd5 21. Rxg7 Nxb2 22. Rb1 Nc4+ 23. Kd3 Be4+ 24. Kxe4 Nd2+ 25. Kd3 Nxb1 26. e4
Rhf8 27. d5 Rf3+ 28. Kd4 Nc3 29. d6 Ne2+ 30. Kd5 Rd3+ 31. Ke6 Nxg3 32. e5 Ne4
33. f4 Nxd6 34. Rxh7 Nc4 0-1

[Event "Thüringenliga 2011/2012"]
[Site "?"]
[Date "2011.11.06"]
[Round "3"]
[White "Kuntze, Andreas"]
[Black "Rohmeiß, Roberto"]
[Result "1/2-1/2"]
[WhiteElo "2025"]
[BlackElo "2035"]
[PlyCount "91"]
[EventDate "2011.??.??"]
[WhiteTeam "SC 51 Nordhausen"]
[BlackTeam "TSG Apolda"]

1. e4 d6 2. d4 Nf6 3. Nc3 g6 4. f4 Bg7 5. e5 dxe5 6. dxe5 Qxd1+ 7. Kxd1 Ng4 8.
Ke1 c6 9. h3 Nh6 10. g4 f6 11. exf6 exf6 12. Rh2 f5 13. Re2+ Kd8 14. g5 Nf7 15.
Be3 Nd7 16. Rd1 Kc7 17. Bd4 Bxd4 18. Rxd4 Nd6 19. Re6 Ne8 20. Re7 Kd8 21. Re3
Ng7 22. Bc4 Re8 23. Kf2 Rxe3 24. Kxe3 Ke7 25. Nf3 Nf8 26. Ne5 Be6 27. Bxe6
Ngxe6 28. Rb4 Nd8 29. Rd4 Nde6 30. Rb4 Nd8 31. Rd4 Rc8 32. Rd1 Rc7 33. Ne2 Nd7
34. Nxd7 Rxd7 35. Rxd7+ Kxd7 36. Nd4 Kd6 37. Nf3 Ne6 38. h4 Nc7 39. c4 b5 40.
b3 Kc5 41. Ne5 bxc4 42. bxc4 Ne6 43. Kf3 a5 44. Ke3 a4 45. a3 Kd6 46. Nd3
1/2-1/2

[Event "Thüringenliga 2011/2012"]
[Site "?"]
[Date "2011.11.06"]
[Round "3"]
[White "Schmidt, Matthias"]
[Black "Möller, Axel"]
[Result "1/2-1/2"]
[WhiteElo "1969"]
[BlackElo "1965"]
[PlyCount "48"]
[EventDate "2011.??.??"]
[WhiteTeam "TSG Apolda"]
[BlackTeam "SC 51 Nordhausen"]

1. e4 d5 2. exd5 Qxd5 3. Qf3 Qxf3 4. Nxf3 Nf6 5. d4 Bf5 6. c3 Nbd7 7. Bc4 e6 8.
Bf4 Be7 9. Nbd2 Rc8 10. O-O O-O 11. h3 Nb6 12. Be2 c5 13. Rac1 h6 14. dxc5 Bxc5
15. Nb3 Nbd5 16. Bh2 Bb6 17. c4 Ne7 18. Nfd4 Ne4 19. Nxf5 exf5 20. Bf3 Nc6 21.
c5 Bc7 22. Rfe1 Bxh2+ 23. Kxh2 Nxf2 24. Bxc6 Rxc6 1/2-1/2

[Event "Thüringenliga 2011/2012"]
[Site "?"]
[Date "2011.11.06"]
[Round "3"]
[White "Schilling, Rolf"]
[Black "Neubauer, Ralf"]
[Result "1-0"]
[WhiteElo "1960"]
[BlackElo "1848"]
[PlyCount "45"]
[EventDate "2011.??.??"]
[WhiteTeam "SC 51 Nordhausen"]
[BlackTeam "TSG Apolda"]

1. e4 c6 2. Nc3 d5 3. Qf3 d4 4. Bc4 e6 5. Nce2 c5 6. Qg3 Nc6 7. d3 g6 8. h4 h5
9. Nf3 Bg7 10. Ng5 Qe7 11. f4 Nh6 12. O-O O-O 13. Bd2 a6 14. Rae1 f6 15. Nh3
Kh7 16. f5 gxf5 17. exf5 Nxf5 18. Rxf5 exf5 19. Nef4 Ne5 20. Rxe5 fxe5 21. Qg6+
Kh8 22. Qxh5+ Bh6 23. Qxh6+ 1-0

[Event "Thüringenliga 2011/2012"]
[Site "?"]
[Date "2011.11.06"]
[Round "3"]
[White "Römer, Norbert"]
[Black "Reichardt, Hans-Ulrich"]
[Result "1/2-1/2"]
[WhiteElo "1803"]
[BlackElo "1701"]
[PlyCount "118"]
[EventDate "2011.??.??"]
[WhiteTeam "TSG Apolda"]
[BlackTeam "SC 51 Nordhausen"]

1. c4 Nf6 2. Nc3 g6 3. g3 Bg7 4. Bg2 c6 5. e4 d6 6. Nge2 O-O 7. O-O e5 8. d3
Nh5 9. Qb3 Qc7 10. Be3 Be6 11. a4 Nd7 12. Rac1 Kh8 13. f3 f5 14. Bf2 Bh6 15.
Rcd1 Rae8 16. Qa3 Rg8 17. b3 Bf8 18. Qc1 Bg7 19. d4 f4 20. d5 Bf7 21. Qd2 c5
22. Nb5 Qb8 23. a5 a6 24. Na3 Qc7 25. Rb1 Rb8 26. b4 b6 27. Bh3 Be8 28. axb6
Rxb6 29. b5 Rf8 30. g4 Nhf6 31. bxa6 Rxa6 32. Nb5 Qd8 33. Ra1 Rxa1 34. Rxa1 Nb6
35. Qa2 Bxb5 36. cxb5 Qb8 37. Nc3 Qb7 38. Qa6 Rb8 39. Bh4 Qc7 40. Qa7 Rb7 41.
Qa6 h6 42. Bf1 Rb8 43. Qa2 g5 44. Bf2 Kh7 45. Qb2 Nfd7 46. Ra6 Rb7 47. h4 Bf6
48. hxg5 hxg5 49. Na4 Kg6 50. Nxb6 Nxb6 51. Be1 Bd8 52. Ba5 Qh7 53. Bxb6 Bxb6
54. Qh2 c4+ 55. Kg2 Qxh2+ 56. Kxh2 c3 57. Bd3 Bc5 58. Ra2 Kf6 59. Kg2 Ra7
1/2-1/2

[Event "Thüringenliga 2011/2012"]
[Site "?"]
[Date "2011.11.06"]
[Round "3"]
[White "Schneider, Christian"]
[Black "Manicke, Hans-Joachim"]
[Result "1/2-1/2"]
[WhiteElo "2185"]
[BlackElo "1921"]
[PlyCount "103"]
[EventDate "2011.??.??"]
[WhiteTeam "SG Blau-Weiß Stadtilm"]
[BlackTeam "VfL 1990 Gera"]

1. e4 c5 2. Nc3 Nc6 3. Bb5 Nd4 4. Bc4 g6 5. Nge2 Bg7 6. O-O a6 7. a4 e6 8. d3
Ne7 9. Nxd4 cxd4 10. Ne2 O-O 11. Bb3 h6 12. Bd2 d6 13. c3 dxc3 14. Bxc3 Bxc3
15. bxc3 d5 16. exd5 Nxd5 17. Qd2 Kh7 18. a5 Nf6 19. Rfb1 Bd7 20. Bd1 Rb8 21.
Qe3 Qc7 22. h3 Rfd8 23. c4 Be8 24. Ba4 Bxa4 25. Rxa4 Nd7 26. d4 b5 27. cxb5
Rxb5 28. Rc1 Qb8 29. Raa1 Nf6 30. Rc6 Rb1+ 31. Rxb1 Qxb1+ 32. Kh2 Qb8+ 33. g3
Nd5 34. Qf3 Qb7 35. Rc5 Qd7 36. h4 Kg7 37. Kg2 h5 38. Qd3 Qb7 39. Qf3 Qd7 40.
Qe4 Qe7 41. Qe5+ Kg8 42. Ng1 Qb7 43. Nf3 Qd7 44. Ng5 Qe7 45. Kg1 Re8 46. Rc6
Qb7 47. Qd6 Qb1+ 48. Kg2 Qb7 49. Nf3 Ra8 50. Qc5 Rd8 51. Qc4 Ra8 52. Qc5
1/2-1/2

[Event "Thüringenliga 2011/2012"]
[Site "?"]
[Date "2011.11.06"]
[Round "3"]
[White "Seidens, Gunter"]
[Black "Siebarth, Raiko"]
[Result "0-1"]
[WhiteElo "2017"]
[BlackElo "2189"]
[PlyCount "70"]
[EventDate "2011.??.??"]
[WhiteTeam "VfL 1990 Gera"]
[BlackTeam "SG Blau-Weiß Stadtilm"]

1. d4 Nf6 2. c4 g6 3. g3 Bg7 4. Bg2 O-O 5. e4 d6 6. Ne2 c6 7. O-O Qc7 8. Nbc3
e5 9. Kh1 Re8 10. f3 a6 11. Be3 b5 12. b3 exd4 13. Bxd4 Nbd7 14. cxb5 axb5 15.
Rc1 Qb8 16. f4 Bb7 17. b4 c5 18. bxc5 dxc5 19. Bg1 b4 20. e5 Bxg2+ 21. Kxg2
Nxe5 22. fxe5 Qxe5 23. Qb3 bxc3 24. Nxc3 Rec8 25. Qc4 Ra7 26. Rce1 Qb8 27. Be3
Ne8 28. Rf2 Nd6 29. Qd3 Nf5 30. Bd2 Rd8 31. Qf3 Ra3 32. Rc1 c4 33. Rb1 Qc8 34.
Qe4 Bxc3 35. Bxc3 Rxc3 0-1

[Event "Thüringenliga 2011/2012"]
[Site "?"]
[Date "2011.11.06"]
[Round "3"]
[White "Rätsch, Heinz"]
[Black "Kretzschmar, Bernd"]
[Result "1/2-1/2"]
[WhiteElo "2102"]
[BlackElo "1879"]
[PlyCount "92"]
[EventDate "2011.??.??"]
[WhiteTeam "SG Blau-Weiß Stadtilm"]
[BlackTeam "VfL 1990 Gera"]

1. e4 g6 2. d4 Bg7 3. Nc3 c6 4. f4 d6 5. Nf3 Bg4 6. Be3 Qb6 7. Qd2 Bxf3 8. gxf3
Nd7 9. O-O-O Qa5 10. Kb1 b5 11. Ne2 Qxd2 12. Rxd2 Ngf6 13. Ng3 h5 14. Bh3 Bh6
15. Re1 h4 16. Ne2 Nh5 17. Rd3 Nb6 18. Bc1 e6 19. f5 Bxc1 20. Kxc1 exf5 21.
exf5 O-O 22. Bg4 Nf6 23. fxg6 Nxg4 24. gxf7+ Rxf7 25. Rg1 Re8 26. Rxg4+ Kf8 27.
Nf4 Rg7 28. b3 Re1+ 29. Kd2 Rxg4 30. fxg4 Rf1 31. Ke3 Kg7 32. Rd2 Ra1 33. Ke4
Kf6 34. Rf2 Re1+ 35. Kd3 Kg5 36. h3 a5 37. Kd2 Ra1 38. Ng2 Rxa2 39. Rf5+ Kg6
40. Nxh4+ Kg7 41. Rg5+ Kf7 42. Nf5 a4 43. bxa4 Nc4+ 44. Kc3 Ra3+ 45. Kb4 Rxa4+
46. Kc3 Ra3+ 1/2-1/2

[Event "Thüringenliga 2011/2012"]
[Site "?"]
[Date "2011.11.06"]
[Round "3"]
[White "Huster, Mike"]
[Black "George, Tom"]
[Result "1/2-1/2"]
[WhiteElo "1908"]
[BlackElo "1805"]
[PlyCount "40"]
[EventDate "2011.??.??"]
[WhiteTeam "VfL 1990 Gera"]
[BlackTeam "SG Blau-Weiß Stadtilm"]

1. Nf3 Nf6 2. c4 b6 3. g3 Bb7 4. Bg2 e6 5. O-O Be7 6. b3 O-O 7. Bb2 c5 8. e3 d5
9. cxd5 Nxd5 10. a3 Nd7 11. d4 Qc7 12. Qc2 Rac8 13. Nbd2 cxd4 14. Qxc7 Rxc7 15.
Nxd4 Rfc8 16. Rfd1 a6 17. Nc4 N5f6 18. f3 b5 19. Na5 Bd5 20. e4 Ba8 1/2-1/2

[Event "Thüringenliga 2011/2012"]
[Site "?"]
[Date "2011.11.06"]
[Round "3"]
[White "Siebarth, Marco"]
[Black "Schönfeld, Volker"]
[Result "1/2-1/2"]
[WhiteElo "1972"]
[BlackElo "1850"]
[PlyCount "52"]
[EventDate "2011.??.??"]
[WhiteTeam "SG Blau-Weiß Stadtilm"]
[BlackTeam "VfL 1990 Gera"]

1. e4 e5 2. Nf3 Nc6 3. Bc4 Nf6 4. d3 h6 5. c3 d6 6. Bb3 g6 7. O-O Bg7 8. h3 O-O
9. Nbd2 Qe7 10. Re1 Be6 11. Bc2 Rad8 12. Nf1 Nh7 13. Qe2 Ng5 14. N3h2 f5 15. f4
Nf7 16. Be3 fxe4 17. dxe4 exf4 18. Bxf4 Nfe5 19. Be3 Kh7 20. Nd2 Rf7 21. Nhf3
Rdf8 22. Nd4 Nd8 23. a3 Bf6 24. Rf1 Bg5 25. b4 Rxf1+ 26. Rxf1 Rxf1+ 1/2-1/2

[Event "Thüringenliga 2011/2012"]
[Site "?"]
[Date "2011.11.06"]
[Round "3"]
[White "Walther, Thomas"]
[Black "Berner, Stephan"]
[Result "1/2-1/2"]
[WhiteElo "1839"]
[BlackElo "1798"]
[PlyCount "91"]
[EventDate "2011.??.??"]
[WhiteTeam "VfL 1990 Gera"]
[BlackTeam "SG Blau-Weiß Stadtilm"]

1. e4 c6 2. c4 d5 3. exd5 cxd5 4. cxd5 Qxd5 5. Nc3 Qa5 6. Nf3 Nc6 7. Be2 Nf6 8.
O-O e6 9. h3 Be7 10. d4 O-O 11. Be3 Rd8 12. a3 a6 13. b4 Qc7 14. Rc1 Nd5 15.
Nxd5 exd5 16. Qc2 Qd6 17. Rfe1 Bd7 18. Bd3 g6 19. Ne5 Rac8 20. Qd2 Be6 21. f4
Bf8 22. Rf1 Ne7 23. g4 Rxc1 24. Qxc1 Rc8 25. Qd2 f6 26. Nf3 Qd7 27. Nh4 Bf7 28.
f5 Qc6 29. Qe2 Qd6 30. Bf4 Qb6 31. Be3 g5 32. Nf3 Nc6 33. Qd2 h6 34. Kg2 Be8
35. h4 Rc7 36. hxg5 hxg5 37. Rh1 Rg7 38. Kf1 Qc7 39. Qg2 Nd8 40. Bd2 Nf7 41.
Kf2 Qd8 42. Rc1 Bd6 43. Bb1 Bb8 44. Bd3 Bc6 45. Rh1 Bc7 46. Qh3 1/2-1/2

[Event "Thüringenliga 2011/2012"]
[Site "?"]
[Date "2011.11.06"]
[Round "3"]
[White "Klesser, Robert"]
[Black "Fijalkowski, Jürgen"]
[Result "1/2-1/2"]
[WhiteElo "1806"]
[BlackElo "1815"]
[PlyCount "119"]
[EventDate "2011.??.??"]
[WhiteTeam "SG Blau-Weiß Stadtilm"]
[BlackTeam "VfL 1990 Gera"]

1. d4 d5 2. Nc3 Nf6 3. Bf4 c6 4. e3 Bg4 5. f3 Bf5 6. g4 Bg6 7. h4 h6 8. Bd3
Bxd3 9. Qxd3 e6 10. Nge2 Bd6 11. O-O-O Na6 12. g5 Nh5 13. Bxd6 Qxd6 14. Rdg1 g6
15. Kb1 O-O-O 16. a3 Kb8 17. Na4 Rh7 18. b4 Rdh8 19. Rh3 Ng7 20. Rhg3 Nf5 21.
Rg4 hxg5 22. hxg5 Rh1 23. e4 Rxg1+ 24. Rxg1 Ng7 25. e5 Qe7 26. Ka2 Nc7 27. Nc5
Nf5 28. f4 Qd8 29. Rb1 Ka8 30. Nc3 Rh4 31. Ne2 Qh8 32. a4 Rh3 33. Qd1 Qf8 34.
Qf1 Qh8 35. b5 cxb5 36. axb5 Ne3 37. Qc1 Nc4 38. Nd3 Qe8 39. Nc3 Qd8 40. Rb4
Ne8 41. Kb3 Ng7 42. Qa1 Nf5 43. Na4 b6 44. Qc3 Qc7 45. Ka2 Kb8 46. Nab2 Nfe3
47. Nxc4 Nxc4 48. Rb3 Qc8 49. Qb4 Rh4 50. Rc3 Qd7 51. Rb3 Qe8 52. Rc3 Kb7 53.
Qa4 Qe7 54. Nb4 Ka8 55. Nc6 Qc7 56. Qb4 Rh8 57. Rh3 Rxh3 58. Qf8+ Kb7 59. Nd8+
Kb8 60. Nc6+ 1/2-1/2